| 000 | 00843nam a2200205 a 4500 | ||
|---|---|---|---|
| 003 | 0 | ||
| 005 | 20250527130409.0 | ||
| 008 | 030602s19uu xx 00 eng d | ||
| 050 |
_aPGS LB 1050.5 _b.M196 2001 |
||
| 100 | _aMagnaye, Roberta Hannika Asuncion P. | ||
| 245 |
_aThe reader self-perception scale responses of grade six students of Southville International School SY 2000-2001 / _cRoberta Hannika Asuncion P. Magnaye. |
||
| 260 |
_aLas PiƱas City, Philippines : _bSouthville International School and Colleges, _c2001. |
||
| 300 |
_a20 pages : _billustrations ; _c28 cm. |
||
| 504 | _aIncludes bibliographical references. | ||
| 650 |
_aReading _vPsychological aspects. |
||
| 650 | _aReading (Elementary). | ||
| 650 | _aSelf-perception in children. | ||
| 650 |
_aAcademic achievement _vPsychological aspects. |
||
| 942 |
_2lcc _cPASS |
||
| 999 |
_c96481 _d96481 |
||